Music Quiz

Random Music or Album Quiz

Complete Works of Rock Quiz Stats

 Plays Quiz Updated Sep 10, 2018

Also try: Album Covers
Challenge
Share
Tweet
Embed
Score 0/137 Timer 16:00
2 Plays Today
Artist Album % Correct
NirvanaNevermind
82.8%
Led ZeppelinLed Zeppelin
79.2%
The Beatles [UK]The Beatles
77.5%
Led ZeppelinLed Zeppelin II
74.4%
Led ZeppelinLed Zeppelin IV
73.6%
Led ZeppelinLed Zeppelin III
73.4%
U2The Joshua Tree
72.1%
NirvanaIn Utero
69.9%
The Beatles [UK]Abbey Road
69.8%
The Beatles [UK]Sgt. Pepper's Lonely Hearts Club Band
69.3%
The Clash [UK]London Calling
68.7%
The Jimi Hendrix ExperienceAre You Experienced
67.1%
Bruce SpringsteenBorn in the U.S.A.
66.7%
The Beatles [UK]Revolver
66.6%
The Beatles [UK]Help!
64.6%
The Beatles [UK]Let It Be
63.2%
Pearl JamTen
62%
Led ZeppelinHouses of the Holy
60.9%
The Beatles [UK]Rubber Soul
60.3%
RadioheadOK Computer
60%
Bruce SpringsteenBorn to Run
59.9%
Simon & GarfunkelBridge Over Troubled Water
58%
The WhoTommy
56.8%
The WhoWho's Next
56.4%
The Beatles [UK]Yellow Submarine
56.1%
NirvanaBleach
54.2%
Led ZeppelinPhysical Graffiti
52.5%
The Rolling Stones [UK]Sticky Fingers
50.8%
The Clash [UK]The Clash
48.9%
The Beatles [UK]A Hard Day's Night
48.5%
RadioheadKid A
47.3%
U2Achtung Baby
47.1%
The Jimi Hendrix ExperienceElectric Ladyland
46.9%
The Beatles [UK]Please Please Me
46.5%
The PoliceSynchronicity
45.8%
The Rolling Stones [UK]Exile on Main St.
45.5%
The WhoQuadrophenia
44.1%
U2War
44.1%
RadioheadThe Bends
43.3%
U2Boy
42%
Led ZeppelinIn Through The Out Door
41.3%
Led ZeppelinCoda
41%
The Rolling Stones [UK]The Rolling Stones
40.9%
The WhoThe Who Sings My Generation
40.1%
Bruce SpringsteenMagic
40%
The Rolling Stones [UK]Let It Bleed
40%
Artist Album % Correct
The Beatles [UK]Magical Mystery Tour
39.4%
The Beatles [UK]With the Beatles
39.3%
Bruce SpringsteenNebraska
39.2%
RadioheadPablo Honey
38.5%
RadioheadIn Rainbows
37.1%
Pearl JamVs.
36.4%
The WhoWho Are You
35%
Creedence Clearwater RevivalCreedence Clearwater Revival
34.7%
U2How to Dismantle an Atomic Bomb
34.3%
Bruce SpringsteenThe River
33.9%
The Jimi Hendrix ExperienceAxis: Bold As Love
33.5%
The Rolling Stones [UK]Beggars Banquet
33.5%
U2Zooropa
32.7%
The Beatles [UK]Beatles for Sale
32.6%
Pearl JamPearl Jam
31.9%
The WhoThe Who Sell Out
31.8%
Pearl JamVitalogy
31.5%
The Rolling Stones [UK]Some Girls
31.2%
Led ZeppelinPresence
31.1%
U2The Unforgettable Fire
31%
The Clash [UK]Combat Rock
30%
Bruce SpringsteenDarkness on the Edge of Town
28.8%
U2October
28.6%
The Rolling Stones [UK]Goats Head Soup
28.6%
The Rolling Stones [UK]Tattoo You
28.4%
Bruce SpringsteenGreetings From Asbury Park, N.J.
28.2%
The PoliceGhost in the Machine
28.1%
RadioheadAmnesiac
27.1%
RadioheadHail to the Thief
27.1%
Simon & GarfunkelSounds of Silence
27%
U2Pop
26.8%
Bruce SpringsteenTunnel of Love
26%
The Clash [UK]Sandinista!
25.9%
Nick DrakePink Moon
25.8%
Bruce SpringsteenThe Rising
25.4%
Creedence Clearwater RevivalGreen River
25.3%
Simon & GarfunkelBookends
25.1%
The PoliceZenyatta Mondatta
24.9%
U2All That You Can't Leave Behind
24.8%
The PoliceReggatta de Blanc
24.1%
The Rolling Stones [UK]Steel Wheels
23.3%
Creedence Clearwater RevivalCosmo's Factory
23.2%
The PoliceOutlandos D'amour
22%
U2Songs of Experience
21.5%
Pearl JamYield
21.4%
The Rolling Stones [UK]Aftermath
20.9%
Artist Album % Correct
Bruce SpringsteenThe Ghost of Tom Joad
20.8%
The Clash [UK]Give 'Em Enough Rope
20%
The WhoThe Who By Numbers
20%
Bruce SpringsteenThe Wild, the Innocent & The E Street Shuffle
19.9%
Simon & GarfunkelParsley, Sage, Rosemary and Thyme
19.7%
U2Songs of Innocence
19.4%
U2No Line on the Horizon
19.4%
RadioheadThe King of Limbs
19.2%
The Rolling Stones [UK]It's Only Rock 'n' Roll
18.9%
Creedence Clearwater RevivalWilly and the Poor Boys
18.4%
The Rolling Stones [UK]Black and Blue
18.4%
RadioheadA Moon Shaped Pool
18.1%
Bruce SpringsteenWrecking Ball
17.9%
The Rolling Stones [UK]Their Satanic Majesties Request
17.9%
Pearl JamNo Code
17.7%
The Rolling Stones [UK]Voodoo Lounge
17.1%
The Rolling Stones [UK]Emotional Rescue
16.6%
The WhoA Quick One (Happy Jack)
16.5%
The Rolling Stones [UK]Bridges to Babylon
16.2%
Bruce SpringsteenHuman Touch
16.1%
The Rolling Stones [UK]A Bigger Bang
15.4%
The Rolling Stones [UK]Between the Buttons
15.2%
Bruce SpringsteenLucky Town
14.7%
The Clash [UK]Cut the Crap
14.7%
The WhoFace Dances
14.7%
Pearl JamBackspacer
14.5%
Nick DrakeFive Leaves Left
14.4%
The WhoIt's Hard
14.2%
Nick DrakeBryter Layter
13.8%
Pearl JamBinaural
13.5%
Pearl JamLightning Bolt
13.3%
The Rolling Stones [UK]The Rolling Stones No. 2
13.2%
The Rolling Stones [UK]Out of Our Heads
13.2%
Simon & GarfunkelWednesday Morning, 3 A.M.
12.8%
The Rolling Stones [UK]Undercover
12.8%
Bruce SpringsteenWorking on a Dream
11.2%
Bruce SpringsteenWe Shall Overcome: The Seeger Sessions
11%
Bruce SpringsteenDevils & Dust
10.9%
Bruce SpringsteenHigh Hopes
10.8%
The WhoEndless Wire
10.6%
Creedence Clearwater RevivalBayou Country
10.6%
Creedence Clearwater RevivalPendulum
10.5%
Pearl JamRiot Act
10.3%
The Rolling Stones [UK]Dirty Work
10.3%
Creedence Clearwater RevivalMardi Gras
8.6%

You're not logged in!

Compare scores with friends on all Sporcle quizzes.
Join for Free
OR
Log In

You Might Also Like...

Show Comments

Extras

Top Quizzes Today


Score Distribution

Your Account Isn't Verified!

In order to create a playlist on Sporcle, you need to verify the email address you used during registration. Go to your Sporcle Settings to finish the process.

Report this User

Report this user for behavior that violates our Community Guidelines.

Details: